| 000 | 00389nam a2200157Ia 4500 | ||
|---|---|---|---|
| 008 | 220803s9999 xx 000 0 und d | ||
| 020 | _a9788172341442 | ||
| 041 | _aeng | ||
| 082 | _a712.36 BA | ||
| 100 |
_aBatth A _925071 |
||
| 245 | _aIndian Garden Flowers | ||
| 260 |
_aNew Delhi _bPrakash Books _c2014 |
||
| 300 | _a240p | ||
| 500 | _aARCHI | ||
| 650 |
_aLandscape Architecture _925072 |
||
| 999 |
_c15937 _d15937 |
||